טוען...

Harold J Laski state and ideology /

מידע ביבליוגרפי
מחבר ראשי: Shekhar, K. Chandra
שפה:Undetermined
יצא לאור: 1999.
סדרה:Rawat ideas and thinkers in social science ed by Naresh Dadh
LEADER 00482nam a2200145Ia 4500
001 100356
008 170722s9999 xx 000 0 und d
020 |a 8170335012 
100 |a Shekhar, K. Chandra 
245 |a Harold J Laski  |b state and ideology / 
260 |c 1999. 
490 |a Rawat ideas and thinkers in social science ed by Naresh Dadh 
942 |c GEN 
999 |c 118778  |d 118778 
952 |0 0  |1 0  |4 0  |6 WXM_93G_N9  |7 0  |9 168024  |a LIB  |b LIB  |d 2017-08-12  |o WxM93:g N9  |p 232993  |r 2017-08-12  |w 2017-08-12  |y GEN